Afrotheria Taxonomy - Statistics

General Stats
  • This quiz has been taken 22 times
  • The average score is 11 of 50
Answer Stats
Answer % Correct
Dugong
80%
Afrotheria
73%
Elephas
73%
Loxodonta
73%
Sirenia
73%
Proboscidea
67%
Elephantidae
47%
Chrysochloridae
40%
Hyracoidea
40%
Tenrec
40%
Orycteropus
33%
Potamogale
33%
Procaviidae
33%
Tenrecidae
33%
Trichechidae
33%
Trichechus
33%
Tubulidentata
33%
Afrosoricida
27%
Dugongidae
27%
Orycteropodidae
27%
Potamogalidae
27%
Macroscelidea
20%
Macroscelididae
20%
Procavia
20%
Chrysochloris
13%
Elephantulus
13%
Eremitalpa
13%
Chrysospalax
7%
Dendrohyrax
7%
Echinops
7%
Geogale
7%
Hemicentetes
7%
Heterohyrax
7%
Macroscelides
7%
Microgale
7%
Micropotamogale
7%
Rhynchocyon
7%
Setifer
7%
Amblysomus
0%
Calcochloris
0%
Carpitalpa
0%
Chlorotalpa
0%
Cryptochloris
0%
Galegeeska
0%
Huetia
0%
Neamblysomus
0%
Nesogale
0%
Oryzorictes
0%
Petrodromus
0%
Petrosaltator
0%
No matching quizzes found
Score Distribution
Percent of People with Each Score
Percentile by Number Answered
Your Score History
You have not taken this quiz